| 000 | 00754nam a2200217 i 4500 | ||
|---|---|---|---|
| 001 | 188675 | ||
| 003 | SpMaBN | ||
| 005 | 20231223110444.0 | ||
| 008 | 190121s2013 sp af |||| | spa d | ||
| 020 | _a978-84-672-5466-2 | ||
| 080 | _a821.134.2-31"19" | ||
| 100 | 1 |
_aSierra, Javier ( _d1971-) _9147835 |
|
| 245 | 1 | 3 |
_aEl maestro del Prado y las pinturas proféticas / _cJavier Sierra. |
| 260 |
_aBarcelona : _bCírculo de Lectores, _c[2013] |
||
| 300 |
_a320 p., [2] h. pleg. de lám. col. : _bil. col. ; _c24 cm. |
||
| 500 | _aÍndice. | ||
| 852 |
_aES-MaACL _jA-14313 _9195806 _bR.151536 _cDEPO1 _dOlim: N-7313 _hDonación: Javier Sierra |
||
| 903 |
_9147835 _aSierra, Javier ( _d1971-) _ednr |
||
| 942 |
_2udc _cMONOGRAFIA |
||
| 999 |
_c188675 _d188675 |
||